书目信息 |
| 题名: |
生态农庄与生态园区实用技术
|
|
| 作者: | 张放 | |
| 分册: | ||
| 出版信息: | 北京 化学工业出版社 2006 |
|
| 页数: | 317 | |
| 开本: | 19cm | |
| 丛书名: | 生态工程技术丛书 | |
| 单 册: | ||
| 中图分类: | S18 | |
| 科图分类: | ||
| 主题词: | 农业科学:生物学 | |
| 电子资源: | ||
| ISBN: | 7-5025-9092-7 | |
| 000 | 00612nam0 2200205 450 | |
| 001 | 0736775523 | |
| 005 | 20070929101255.51 | |
| 010 | @a7-5025-9092-7@d¥25.00 | |
| 100 | @a20070929d km y0chiy0120 ea | |
| 101 | 0 | @achi |
| 200 | 1 | @a生态农庄与生态园区实用技术@Asheng tai nong zhuang yu sheng tai yuan qu shi yong ji shu@f张放@Fzhang fang |
| 210 | @a北京@c化学工业出版社@d2006 | |
| 215 | @a317@d19cm | |
| 225 | 2 | @a生态工程技术丛书 |
| 410 | 0 | @12001 @a生态工程技术丛书 |
| 606 | 0 | @a农业科学:生物学 |
| 690 | @aS18@v3 | |
| 701 | 0 | @a张放@Azhang fang |
| 801 | 0 | @aCN@bPFT@c20070929 |
| 905 | @a213230@dS18@en2@f1 | |
| 生态农庄与生态园区实用技术/张放.-北京:化学工业出版社,2006 |
| 317;19cm.-(生态工程技术丛书) |
| ISBN 7-5025-9092-7:¥25.00 |
| ● |
| 相关链接 |
|
|
|
|
正题名:生态农庄与生态园区实用技术
索取号:S18/n2
 
预约/预借
| 序号 | 登录号 | 条形码 | 馆藏地/架位号 | 状态 | 备注 |
| 1 | 6602366 | 266023670 | 密集书库-生命科学系/ [索取号:S18/n2] | 在馆 |